000 00833nam a22002771 4500
001 18285
003 BD-RjUL
005 20211209000249.0
008 140220s1954 enk b 000 1 eng d
035 _a(BD-RjUL)18343
035 _a(OCoLC)2767332
040 _aDLC
_cOTU
_dUk
_dBD-RjUL
_beng
041 _aeng
082 0 0 _a822.33
_bSHK 1954
100 1 _aShakespeare, William,
_d1564-1616.
_956287
245 1 0 _aKing Henry v /
_cby William Shakespeare, Edited by J. H. Walter.
260 _aLondon :
_bMethuen,
_c1954.
300 _axlvii, 167 p. ;
_c23 cm.
490 0 _aThe Arden Shakespeare
504 _aBibliography: p. xlv-xlvii.
600 0 0 _aHenry
_cKing of England,
_d1387-1422
_956294
700 1 _aWalter, J. H.
_q(John Henry)
_eed.
_956289
942 _2ddc
_cBK
999 _c18285
_d18285